000
00307nam a22001337a 4500
008
170221b xxu||||| |||| 00| 0 eng d
020
_a
9780781733663
041
_a
eng
080
_2
9TH
_a
618.2
100
_a
2
101
_a
INF
245
_a
HANDBOOK OF NURSING DIAGNOSIS
_c
CARPENITO, L.J
942
_2
udc
_c
BK
999
_c
5929
_d
5929